000 00394nam a2200157Ia 4500
008 230917s9999||||xx |||||||||||||| ||und||
020 _cRS15
040 _e8959
_aMAIN
041 _aEnglish
082 _a327.44 M778F
100 _aMookerjee, Girija K
245 0 _aFrench school of diplomacy
260 _aDelhi
_bResearch Publications in Social Science
300 _a32 p.
942 _cBK
999 _c199410
_d199410